La idea de fin en el derecho penal/ (Registro nro. 8080)
[ vista simple ]
| 000 -LEADER | |
|---|---|
| fixed length control field | 00828nam a2200217Ia 4500 |
| 005 - FECHA Y HORA DE LA ÚLTIMA TRANSACCIÓN | |
| control field | 20230508143142.0 |
| 008 - FIXED-LENGTH DATA ELEMENTS--GENERAL INFORMATION | |
| fixed length control field | 230506s9999 xx 000 0 und d |
| 020 ## - INTERNATIONAL STANDARD BOOK NUMBER | |
| International Standard Book Number | 9683634850 |
| 040 ## - CATALOGING SOURCE | |
| Original cataloging agency | UPAN |
| Transcribing agency | Biblioteca San Vicente |
| Description conventions | RCAA2 |
| 041 ## - LANGUAGE CODE | |
| Language code of text/sound track or separate title | spa |
| 082 ## - DEWEY DECIMAL CLASSIFICATION NUMBER | |
| Classification number | 345 |
| Item number | V945i |
| 100 ## - MAIN ENTRY--PERSONAL NAME | |
| Personal name | Von Liszt, Franz |
| Relator code | aut. |
| 245 #0 - TITLE STATEMENT | |
| Title | La idea de fin en el derecho penal/ |
| Remainder of title | Franz Von Liszt |
| 250 ## - EDITION STATEMENT | |
| Edition statement | 1° ed. |
| 260 ## - PUBLICATION, DISTRIBUTION, ETC. (IMPRINT) | |
| Place of publication, distribution, etc | Mexico: |
| Name of publisher, distributor, etc | UNAM, |
| Date of publication, distribution, etc | 1994 |
| 300 ## - PHYSICAL DESCRIPTION | |
| Extent | 137 p.: |
| Dimensions | 21 cm. |
| 505 ## - FORMATTED CONTENTS NOTE | |
| Formatted contents note | La idea de fin en el Derecho Penal<br/>I. El punto de partida<br/>II. La pena como acciòn instintiva<br/>III. La objetivaciòn de la pena<br/>IV. El principio de medida de la pena<br/>V. La pena como protecciòn jurìdica consciente de su finalidad<br/>VI. Objetivos puntuales |
| 650 ## - SUBJECT ADDED ENTRY--TOPICAL TERM | |
| Source of heading or term | LEMB |
| Topical term or geographic name as entry element | Derecho Penal |
| 650 ## - SUBJECT ADDED ENTRY--TOPICAL TERM | |
| Source of heading or term | LEMB |
| Topical term or geographic name as entry element | Derecho |
| 942 ## - ADDED ENTRY ELEMENTS (KOHA) | |
| Koha item type | Libros |
| Source of classification or shelving scheme | Dewey Decimal Classification |
| Withdrawn status | Lost status | Source of classification or shelving scheme | Damaged status | Not for loan | Collection code | Home library | Current library | Date acquired | Total Checkouts | Full call number | Barcode | Date last seen | Copy number | Price effective from | Koha item type |
|---|---|---|---|---|---|---|---|---|---|---|---|---|---|---|---|
| Dewey Decimal Classification | Colección General | Biblioteca UPAN San Vicente | Biblioteca UPAN San Vicente | 06/05/2023 | 345 V945i | 12000724 | 06/05/2023 | 01 | 06/05/2023 | Libros |